000 00450nam a2200169Ia 4500
005 20250324130800.0
008 240331s9999 xx 000 0 und d
082 _bRAN
_a894
100 _aPlantation housing
245 0 _aRaneeum rajuvum
260 _aColombo
_bPlantation housing
_c1994
300 _a20 p .,
650 _aThaimai Paathukappu
650 _aKarppa pathukappu
650 _aIlanjar yuvathikalin ethirkalam patriyathu
942 _cL
999 _c4761
_d4761